Central Library OPAC University of Rajshahi

Integrated electronics : (Record no. 72156)

MARC details
000 -LEADER
fixed length control field 01262nam a2200361 a 4500
001 - CONTROL NUMBER
control field 72156
003 - CONTROL NUMBER IDENTIFIER
rucl marc code BD-RjUL
005 - DATE AND TIME OF LATEST TRANSACTION
control field 20211209082222.0
008 - FIXED-LENGTH DATA ELEMENTS--GENERAL INFORMATION
fixed length control field 190303s1972 ja a b 001 0 eng
020 ## - INTERNATIONAL STANDARD BOOK NUMBER
International Standard Book Number 0070854939
035 ## - SYSTEM CONTROL NUMBER
System control number (BD-RjUL)72372
040 ## - CATALOGING SOURCE
Original cataloging agency BD-RjUL
Language of cataloging eng
Transcribing agency BD-RjUL
041 ## - LANGUAGE CODE
Language code of text/sound track or separate title eng
082 ## - DEWEY DECIMAL CLASSIFICATION NUMBER
Edition number 23
Classification number 621.382
Author mark and year MII 1972
100 1# - MAIN ENTRY--PERSONAL NAME
Personal name Millman, Jacob,
Dates associated with a name 1911-1991.
9 (RLIN) 228826
245 10 - TITLE STATEMENT
Title Integrated electronics :
Remainder of title analog and digital circuits and systems /
Statement of responsibility, etc. Jacob Millman; Christos C. Halkias.
250 ## - EDITION STATEMENT
Edition statement International student edition.
260 ## - PUBLICATION, DISTRIBUTION, ETC. (IMPRINT)
Place of publication, distribution, etc. Tokyo ;
-- London :
Name of publisher, distributor, etc. McGraw-Hill ,
Date of publication, distribution, etc. 1972.
300 ## - PHYSICAL DESCRIPTION
Pagination xix, 911 p. :
Illustrations ill. ;
Size 21 cm.
504 ## - BIBLIOGRAPHY, ETC. NOTE
Bibliography, etc Includes bibliographical references and index.
650 #0 - SUBJECT ADDED ENTRY--TOPICAL TERM
Topical term or geographic name as entry element Digital electronics
9 (RLIN) 228827
Topical term or geographic name as entry element Electronic analog computers
General subdivision Circuits.
9 (RLIN) 228828
Topical term or geographic name as entry element Integrated circuits.
9 (RLIN) 228829
700 1# - ADDED ENTRY--PERSONAL NAME
Personal name Halkias, Christos C.
830 #0 - SERIES ADDED ENTRY--UNIFORM TITLE
Uniform title McGraw-Hill electrical and electronic engineering series.
942 ## - ADDED ENTRY ELEMENTS (KOHA)
Source of classification or shelving scheme Dewey Decimal Classification
Koha item type Books
Holdings
Lost status Source of classification or shelving scheme Damaged status Not for loan Collection code Permanent Location Current Location Shelving location Date acquired Source of acquisition Cost, normal purchase price Total Checkouts Full call number Date last seen Copy number Koha item type
  Dewey Decimal Classification   Not For Loan Non-fiction Central Library, University of Rajshahi Central Library, University of Rajshahi Reading Room 25/02/1988 World Agency Dhaka 340.00   621.382 MII 1972 03/03/2019 C-1 Books